Organizační změny a pracovněprávní nároky

Dôsledky vyplývajúce z organizačných zmien pre pracovný pomer zamestnancov. Rozhodovanie o organizačných zmenách podľa novely zákonníka práce ČR. Otázky nadbytočnosti v zamestnaní. Rozviazanie pracovného pomeru pre nadbytočnosť. Iné organizačné zmeny. Zlúčenie zamestnávateľov, rozdelenie zamestnávat...

Full description

Saved in:
Bibliographic Details
Main Author: Jouza, L.
Format: Book Chapter
Language:Czech
Subjects:
Tags: Add Tag
No Tags, Be the first to tag this record!

MARC

LEADER 00000naa a2200000 4500
001 r016919
005 20221208131139.2
041 0 |a cze 
044 |a CZ 
245 1 0 |a Organizační změny a pracovněprávní nároky  |c L. Jouza 
520 |a Dôsledky vyplývajúce z organizačných zmien pre pracovný pomer zamestnancov. Rozhodovanie o organizačných zmenách podľa novely zákonníka práce ČR. Otázky nadbytočnosti v zamestnaní. Rozviazanie pracovného pomeru pre nadbytočnosť. Iné organizačné zmeny. Zlúčenie zamestnávateľov, rozdelenie zamestnávateľov, prevedenie zamestnávateľa, zánik zamestnávateľa. Prechod zamestnancov k inému zamestnávateľovi. 
610 2 0 |a zmeny organizačné 
610 2 0 |a reorganizácia 
610 2 0 |a pomer pracovný 
610 2 0 |a zamestnávatelia 
610 2 0 |a výpoveď 
610 2 0 |a zamestnanci 
610 2 0 |a zákonník práce 
610 2 0 |a vzťahy pracovnoprávne 
100 1 |a Jouza, L.